<?xml version="1.0" encoding="UTF-8"?>
<record
    xmlns:xsi="http://www.w3.org/2001/XMLSchema-instance"
    xsi:schemaLocation="http://www.loc.gov/MARC21/slim http://www.loc.gov/standards/marcxml/schema/MARC21slim.xsd"
    xmlns="http://www.loc.gov/MARC21/slim">

  <leader>01140nam a2200289   4500</leader>
  <controlfield tag="001">114095</controlfield>
  <controlfield tag="003">DR-UNIBE</controlfield>
  <controlfield tag="005">20250922095354.0</controlfield>
  <controlfield tag="008">250922b2006    dr ||||| |||| 00| 0 spa d</controlfield>
  <datafield tag="020" ind1=" " ind2=" ">
    <subfield code="a">9945859102</subfield>
  </datafield>
  <datafield tag="040" ind1=" " ind2=" ">
    <subfield code="a">BIBLIOTECA UNIBE</subfield>
    <subfield code="b">spa</subfield>
    <subfield code="c">BIBLIOTECA UNIBE</subfield>
    <subfield code="e">rda</subfield>
  </datafield>
  <datafield tag="041" ind1=" " ind2=" ">
    <subfield code="a">spa</subfield>
  </datafield>
  <datafield tag="082" ind1=" " ind2=" ">
    <subfield code="2">22</subfield>
    <subfield code="a">RD 864.4 A742m </subfield>
  </datafield>
  <datafield tag="100" ind1="1" ind2="0">
    <subfield code="a">Arnaiz, Francisco Jos&#xE9;, S. J.,</subfield>
    <subfield code="d">1925-2014</subfield>
    <subfield code="9">31996</subfield>
    <subfield code="e">autor</subfield>
  </datafield>
  <datafield tag="245" ind1="1" ind2="3">
    <subfield code="a">La madurez de los pueblos exige tiempo / </subfield>
    <subfield code="c">Francisco Jos&#xE9; Arnaiz</subfield>
  </datafield>
  <datafield tag="250" ind1=" " ind2=" ">
    <subfield code="a">Primera edici&#xF3;n</subfield>
  </datafield>
  <datafield tag="260" ind1=" " ind2=" ">
    <subfield code="a"> Santo Domigo : </subfield>
    <subfield code="b">Banreservas ,</subfield>
    <subfield code="c"> 2006</subfield>
  </datafield>
  <datafield tag="300" ind1=" " ind2=" ">
    <subfield code="a">417 p&#xE1;ginas : </subfield>
    <subfield code="b">fotograf&#xED;a b/n ;</subfield>
    <subfield code="c">23 x 14 cm</subfield>
  </datafield>
  <datafield tag="500" ind1=" " ind2=" ">
    <subfield code="a">Informaci&#xF3;n del autor en la solapas</subfield>
  </datafield>
  <datafield tag="650" ind1=" " ind2="7">
    <subfield code="2">lemb</subfield>
    <subfield code="a">Modales y costumbres</subfield>
    <subfield code="x">Ensayos</subfield>
    <subfield code="9">199342</subfield>
  </datafield>
  <datafield tag="650" ind1=" " ind2="7">
    <subfield code="2">lemb</subfield>
    <subfield code="z">Rep&#xFA;blica Dominicana</subfield>
    <subfield code="x">Ensayos</subfield>
    <subfield code="9">199343</subfield>
  </datafield>
  <datafield tag="700" ind1="1" ind2="0">
    <subfield code="a">Pinales, Jorge</subfield>
    <subfield code="9">199340</subfield>
    <subfield code="e">fot&#xF3;grafo de portada</subfield>
  </datafield>
  <datafield tag="700" ind1="1" ind2="0">
    <subfield code="a">Le&#xF3;n de Saleme, Nin&#xF3;n</subfield>
    <subfield code="9">144875</subfield>
    <subfield code="e">dise&#xF1;adpr</subfield>
    <subfield code="e">arte final</subfield>
  </datafield>
  <datafield tag="700" ind1="1" ind2="0">
    <subfield code="a">Chez Checo, Jos&#xE9;</subfield>
    <subfield code="q">(Chez Checo, Jos&#xE9; Felipe),</subfield>
    <subfield code="d">1949-</subfield>
    <subfield code="9">193932</subfield>
    <subfield code="e">cuidado de la edici&#xF3;n</subfield>
    <subfield code="e">corrector de pruebas</subfield>
  </datafield>
  <datafield tag="700" ind1="1" ind2="0">
    <subfield code="a">Toribio, Daniel</subfield>
    <subfield code="9">157372</subfield>
    <subfield code="e">Presentaci&#xF3;n</subfield>
  </datafield>
  <datafield tag="942" ind1=" " ind2=" ">
    <subfield code="2">ddc</subfield>
    <subfield code="c">BK</subfield>
  </datafield>
  <datafield tag="999" ind1=" " ind2=" ">
    <subfield code="c">114095</subfield>
    <subfield code="d">114095</subfield>
  </datafield>
  <datafield tag="952" ind1=" " ind2=" ">
    <subfield code="0">0</subfield>
    <subfield code="1">0</subfield>
    <subfield code="2">ddc</subfield>
    <subfield code="7">0</subfield>
    <subfield code="8">GEN-RD</subfield>
    <subfield code="a">Principal</subfield>
    <subfield code="d">2025-09-22</subfield>
    <subfield code="l">0</subfield>
    <subfield code="o">RD 864.4 A742m 2006</subfield>
    <subfield code="p">251031</subfield>
    <subfield code="r">2025-09-22 09:38:51</subfield>
    <subfield code="t">Ej. 1</subfield>
    <subfield code="w">2025-09-22</subfield>
    <subfield code="y">BK</subfield>
  </datafield>
</record>
